| 000 | 01030nam a2200277Ia 4500 | ||
|---|---|---|---|
| 003 | OSt | ||
| 005 | 20221005111533.0 | ||
| 006 | a|||||r|||| 00| 0 | ||
| 007 | ta | ||
| 008 | ORI | ||
| 020 |
_a8172013302 (pbk) _c75 |
||
| 024 | _a93373 | ||
| 037 |
_b532, 19/03/2009, Vani Prakashan _cTextual |
||
| 040 |
_aCRL _cCRL _bORI |
||
| 041 |
_2ORI _aORI |
||
| 082 | _aO1591,1M55w, 152N2 | ||
| 100 | _aमहापात्र, सीताकांत | ||
| 245 | 0 | _aभीमा भोई | |
| 246 | _aBhīmā bhoī | ||
| 260 |
_aनई दिल्ली _bसाहित्य अकादेमी भारत _c1992 |
||
| 300 |
_a80पृ0 _ccm. |
||
| 490 | _aभारतीय साहित्य के निर्माता | ||
| 700 | _a निगम, माधुरी, अनु. | ||
| 942 |
_hO1591,1M55w, 152N2 _cTEXL _2cc |
||
| 999 |
_c1022122 _d1022122 |
||